000 01236nam a22003015i 4500
001 162329
003 ES-MaACL
005 20250821085046.0
008 041112s1803 fr |||| | fre d
040 _aCAM
_bspa
_cCAM
100 0 _aPlutarco
_992678
245 1 4 _aLes vies des hommes illustres.
_nTome douzième /
_cde Plutarque ; traduites en françois, avec des remarques historiques et critiques, par M. Dacier.
250 _aNouv. éd., rev. et corr.
260 _aA Lyon :
_bchez Amable Leroy,
_c1803.
300 _a[4], 402 p., [1] h. en bl., [4] h. de grab. ;
_c17 cm.
505 8 _aContiene, según consta en port.: Dion, Brutus, Artaxerxe, Aratus
595 _aDato de ed. precede a mención de parte.
597 _aSign.: []2, A-Q12, R10.
597 _aAntep.
599 _aLas h. de grab. xil., retratos de los biografiados.
600 0 4 _aDión.
_9126807
600 1 4 _aArato de Solos.
_9125690
600 1 7 _aBruto, Marco Junio
_2embne
_9149936
600 1 4 _aArtajerjes
_bI
_cRey de Persia.
_9149937
700 1 _aDacier, André,
_d1651-1722
_9126689
852 _aES-MaACL
_jZ-264
_z-- Enc. pasta española
_z-- Ex-libris ms. de Juan Antonio Posse, cura de San Andrés
999 _c162329
_d162329